000 00331nam a2200133Ia 4500
008 240624s9999 xx 000 0 und d
041 _aeng
082 _a823 DEL
100 _aDELANEY JP
245 _aGIRL BEFORE EVERYTHING THAT S YOURS WAS
260 _c2017
_aNew Delhi
_bQuercus
300 _a407 p.; 19 cm.
365 _cRS
_b30
999 _c29509
_d29509